• 首页
  • 本馆介绍
  • 公告通知
  • 最新文献
  • 馆藏检索
  • 电子资源
  • 读者导购
  • 参考咨询
  • 我的图书馆
  • 登录
  • 详细信息显示
  • 放入我的书架
  • 预约/预借图书
  • 作者相关作品
  • 分类相关作品
  • 丛书相关作品
  • 出版社相关作品

书目信息

  • 表格格式
  • 工作单格式
  • 卡片格式
题名:
管子名言
    
 
作者: 姜涛 编译 ;张丽清 英译
分册:  
出版信息: 济南   齐鲁书社  1992.6
页数: 149页
开本: 19cm
丛书名:
单 册:
中图分类: H319.4:B , H319.4
科图分类:
主题词:
电子资源:
ISBN: 7-5333-0272-9
000 00991nam0 2200289 45
001 0192014191
005 20040511171750.7
010    @a7-5333-0272-9@dCNY2.70
020    @aCN@b92014191
100    @a19921207d1992 em y0chiy0121 ea
101 2  @achi@aeng
102    @aCN@b370000
105    @ay z 000yy
106    @ar
200 10 @a管子名言@Aguan zi ming yan@dA collection of Guan Tzu's sayings@zeng@e汉英对照读本@Ehan ying dui zhao du ben@f姜 涛编译@Fjiang tao bian yi@g张丽清英译
210    @a济南@c齐鲁书社@d1992.6
215    @a149页@d19cm
330    @a本书精选《 管子》名言260余条,并进行了分类编译。
510 1  @aA collection of Guan Tzu's sayings@AA collection of Guan Tzu's sayings@zeng
540 1  @a管子 名言@Aguan zi ming yan
600  0 @a管仲@x语录@x对照读物@x中、英
690    @aH319.4:B@v3
690    @aH319.4
701  0 @a姜涛@Ajiang tao@4编译
702  0 @a张丽清@Azhang li qing@4英译
801  0 @aCN@bNLC@c19921207
905    @f4@b245508-511@dH319.4@e440:3
    
    管子名言=A collection of Guan Tzu's sayings:汉英对照读本/姜 涛编译/张丽清英译.-济南:齐鲁书社,1992.6
    149页;19cm
    
    
    ISBN 7-5333-0272-9:CNY2.70
    本书精选《 管子》名言260余条,并进行了分类编译。
●
相关链接 在E读中查询图书 在五车中查询图书 在当当中查询图书 在豆瓣中查询图书


正题名:管子名言     索取号:H319.4/440:3         预约/预借

序号 登录号 条形码 馆藏地/架位号 状态 备注
1 0245508   001072699   第四借阅区/ [索取号:H319.4/440:3] 在馆    
2 0245509   001072724   第四借阅区/ [索取号:H319.4/440:3] 在馆    
3 0245510   001072715   第四借阅区/ [索取号:H319.4/440:3] 在馆    
4 0245511   001072706   第四借阅区/ [索取号:H319.4/440:3] 在馆    
5 0245512   001072760   第二样本阅览室/ [索取号:H319.4/440:3] 在馆    
唐山师范学院图书馆 欢迎您!
大连网信软件有限公司© 版权所有